| 000 | 00419cam a22001337a 4500 | ||
|---|---|---|---|
| 008 | 180718b2000 xxu||||| |||| 00| 0 eng d | ||
| 082 | _aI5 D843t | ||
| 100 | _aDrucker, Peter F. | ||
| 245 |
_aFrontiers of management: where tomorrow's decisions are being shaped today _cby Peter F. Drucker |
||
| 260 |
_aOxford _bButterworth-Heinemann _c2000 |
||
| 300 | _a368p. | ||
| 650 | _aIndustrial management | ||
| 650 | _aManagement | ||
| 999 |
_c391843 _d391843 |
||